[Event "Robecchetto op-C 25th"]
[Site "Robecchetto"]
[Date "2014.12.27"]
[Round "3"]
[White "Mori, Claudio"]
[Black "Ossoli, Giuseppe"]
[Result "1/2-1/2"]
[WhiteElo "1377"]
[BlackElo "1541"]
[PlyCount "70"]
[EventDate "2014.12.26"]
[EventType "swiss"]
[EventRounds "6"]
[EventCountry "ITA"]
[SourceTitle "EXT 2024"]
[Source "ChessBase"]
[SourceDate "2023.10.10"]
[SourceVersion "1"]
[SourceVersionDate "2023.10.10"]
[SourceQuality "1"]

1. Nf3 e6 2. d4 d5 3. e3 Nf6 4. c4 Be7 5. Nc3 a6 6. Bd3 h6 7. 0-0 0-0 8. a3 Bd7 9. cxd5 exd5 10. Qb3 b6 11. Nxd5 Bc6 12. Nxf6+ Bxf6 13. Be2 Bd5 14. Qc2 Qe7 15. Bd2 Be4 16. Qc1 Qd7 17. Rd1 Nc6 18. Bc3 a5 19. Ne5 Qe6 20. Nxc6 Qxc6 21. f3 Bg6 22. Qd2 Rad8 23. Rac1 Qd6 24. Qe1 Rfe8 25. Qf2 Qe6 26. e4 Qb3 27. Bd3 c6 28. Bc2 Qe6 29. Re1 Be7 30. Rcd1 Qc8 31. Re2 Qc7 32. Kh1 Rd7 33. Qg1 Red8 34. Qf2 b5 35. b4 a4 1/2-1/2

[Event "Robecchetto op-C 25th"]
[Site "Robecchetto"]
[Date "2014.12.26"]
[Round "1"]
[White "Negro, Andrea"]
[Black "Ossoli, Giuseppe"]
[Result "1/2-1/2"]
[WhiteElo "1389"]
[BlackElo "1541"]
[PlyCount "111"]
[EventDate "2014.12.26"]
[EventType "swiss"]
[EventRounds "6"]
[EventCountry "ITA"]
[SourceTitle "EXT 2024"]
[Source "ChessBase"]
[SourceDate "2023.10.10"]
[SourceVersion "1"]
[SourceVersionDate "2023.10.10"]
[SourceQuality "1"]

1. d4 e6 2. c4 Nf6 3. Nc3 b6 4. Nf3 Bb7 5. Bg5 c5 6. e3 d6 7. Bd3 Nbd7 8. 0-0 Be7 9. Re1 0-0 10. Nd2 a6 11. Qc2 h6 12. Bh4 Ne8 13. Bxe7 Qxe7 14. Be4 Ndf6 15. Bf3 Bxf3 16. Nxf3 Nc7 17. Rad1 Rab8 18. Ne4 Rb7 19. b3 Rfb8 20. dxc5 dxc5 21. Ne5 Nxe4 22. Qxe4 f5 23. Qf3 Ne8 24. Nc6 Qf7 25. Nxb8 Rxb8 26. e4 Qg6 27. exf5 exf5 28. Qd5+ Kh7 29. Re6 Nf6 30. Qd6 Qh5 31. Rde1 Rg8 32. Qxb6 Ne4 33. f3 Qh4 34. Rf1 Nd2 35. Rd1 Qg5 36. Qc6 Rd8 37. Re2 Nxf3+ 38. Qxf3 Rxd1+ 39. Kf2 Rd4 40. Qe3 Qh4+ 41. Qg3 Qf6 42. Qc7 Qh4+ 43. Qg3 Qh5 44. Qf3 Qg5 45. g3 f4 46. Re4 fxg3+ 47. hxg3 Rd2+ 48. Re2 Rxe2+ 49. Qxe2 Qf6+ 50. Qf3 Qb2+ 51. Qe2 Qf6+ 52. Kg2 Qc6+ 53. Qf3 Qb6 54. Qf5+ Kg8 55. Qd5+ Kh7 56. Qf5+ 1/2-1/2

[Event "Lombardia-ch Seniors"]
[Site "Robecchetto"]
[Date "2013.12.28"]
[Round "3"]
[White "Ferri, Antonio"]
[Black "Ossoli, Giuseppe"]
[Result "1-0"]
[WhiteElo "1651"]
[BlackElo "1601"]
[PlyCount "174"]
[EventDate "2013.12.27"]
[EventType "swiss"]
[EventRounds "6"]
[EventCountry "ITA"]
[SourceTitle "EXT 2017"]
[Source "ChessBase"]
[SourceDate "2016.10.25"]
[SourceVersion "1"]
[SourceVersionDate "2016.10.25"]
[SourceQuality "1"]

1. d4 e6 2. c4 Nf6 3. Nc3 b6 4. e3 Bb7 5. Bd2 c5 6. Nf3 d6 7. Be2 Nbd7 8. 0-0 Be7 9. Re1 0-0 10. Bd3 a6 11. e4 h6 12. h3 Qc7 13. b3 e5 14. d5 Rab8 15. a4 Nh7 16. Nh2 Ndf6 17. f4 Bc8 18. f5 Kh8 19. Kh1 Rg8 20. Rg1 Bf8 21. g4 g5 22. Ne2 Bg7 23. Rg2 Bd7 24. Nc3 Be8 25. Qf3 Nd7 26. Qg3 f6 27. Kg1 Bf7 28. Kf2 Qd8 29. Be2 Qf8 30. Ke3 Qe8 31. Kd3 b5 32. axb5 axb5 33. Nxb5 Rb6 34. Bf3 Qb8 35. Kc2 Be8 36. Be2 Ndf8 37. Rgg1 Bxb5 38. cxb5 Qb7 39. Ra5 Nd7 40. Rga1 Rb8 41. Qd3 Nhf8 42. Qc4 Qc8 43. Qa4 R6b7 44. Qa3 Nb6 45. Bc4 Nfd7 46. Ra7 Rxa7 47. Qxa7 Rb7 48. Qa3 Nxc4 49. bxc4 Nb6 50. Qb3 Kh7 51. Nf3 Qb8 52. Ra5 Ra7 53. Rxa7 Qxa7 54. Kb2 Na4+ 55. Kb1 Nb6 56. Ne1 Bf8 57. Nc2 Be7 58. Qa3 Qxa3 59. Nxa3 Bd8 60. Ba5 Kg7 61. Bxb6 Bxb6 62. Ka2 Kf7 63. Kb3 Ke7 64. Ka4 Kd7 65. Nc2 Kc7 66. Ne1 Kb7 67. Nd3 Kc7 68. Nc1 Kb7 69. Nb3 Kc8 70. Na5 Kc7 71. Nc6 Kb7 72. Ne7 Bd8 73. Ng8 Kb6 74. Nxh6 Be7 75. Nf7 Kb7 76. Nh8 Kb6 77. Ng6 Bd8 78. h4 gxh4 79. Nxh4 Kb7 80. Ng6 Kb6 81. Nf8 Kb7 82. Ne6 Bb6 83. g5 fxg5 84. Nxg5 Bd8 85. Nh7 Kc7 86. f6 Bxf6 87. Nxf6 Kb6 1-0

[Event "Lombardia-ch Seniors"]
[Site "Robecchetto"]
[Date "2013.12.27"]
[Round "1"]
[White "Ossoli, Giuseppe"]
[Black "Sala, Gianni"]
[Result "1/2-1/2"]
[WhiteElo "1601"]
[BlackElo "1779"]
[PlyCount "43"]
[EventDate "2013.12.27"]
[EventType "swiss"]
[EventRounds "6"]
[EventCountry "ITA"]
[SourceTitle "EXT 2017"]
[Source "ChessBase"]
[SourceDate "2016.10.25"]
[SourceVersion "1"]
[SourceVersionDate "2016.10.25"]
[SourceQuality "1"]

1. c4 Nf6 2. Nc3 e5 3. e4 Bc5 4. h3 Nc6 5. Nf3 d6 6. a3 a5 7. Be2 h6 8. b3 Nd4 9. Bd3 Bd7 10. Bb2 Ne6 11. Bc2 0-0 12. 0-0 Qc8 13. Ne2 Bc6 14. d3 Nh5 15. Qd2 Nf6 16. Bc3 Bb6 17. b4 Bd7 18. bxa5 Ba7 19. d4 exd4 20. Nfxd4 Nc5 21. Ng3 Re8 22. Rfe1 1/2-1/2

[Event "ITA-ch Regionale Lombardia Seniores"]
[Site "Robecchetto"]
[Date "2012.12.28"]
[Round "3"]
[White "Macchiettini, Pierangelo"]
[Black "Ossoli, Giuseppe"]
[Result "1/2-1/2"]
[WhiteElo "1712"]
[BlackElo "1527"]
[PlyCount "93"]
[EventDate "2012.12.27"]
[EventType "swiss"]
[EventRounds "6"]
[EventCountry "ITA"]
[SourceTitle "EXT 2024"]
[Source "ChessBase"]
[SourceDate "2023.10.10"]
[SourceVersion "1"]
[SourceVersionDate "2023.10.10"]
[SourceQuality "1"]

1. d4 e6 2. a3 Nf6 3. Nf3 b6 4. c4 Bb7 5. e3 d6 6. Be2 Be7 7. Nc3 a6 8. 0-0 0-0 9. Qc2 Nbd7 10. b3 c5 11. dxc5 bxc5 12. Bb2 Qc7 13. Rfd1 e5 14. e4 Bc6 15. Bc1 Qb7 16. Nd2 Rab8 17. f3 Qa7 18. Nf1 Qb7 19. Rb1 Qc7 20. Ne3 Rfd8 21. Nf5 Bf8 22. Bg5 h6 23. Bh4 Rb7 24. Ne3 Rdb8 25. Nf5 Rb6 26. Rd2 Ba8 27. Bd1 g6 28. Ne3 h5 29. Na4 R6b7 30. Qd3 Ra7 31. Bc2 Bc6 32. Nc3 Ne8 33. Ned5 Qc8 34. Ne7+ Bxe7 35. Bxe7 Ndf6 36. Qe3 Rxe7 37. Rbd1 Kg7 38. Ne2 Bd7 39. Qg5 Qd8 40. Ng3 Nh7 41. Qe3 Qa5 42. a4 Qc7 43. Qc3 Kf8 44. Qe3 a5 45. Qh6+ Kg8 46. Qe3 Kg7 47. Qc3 1/2-1/2

[Event "ITA-ch Lombardia Seniors"]
[Site "Robecchetto"]
[Date "2011.12.30"]
[Round "6"]
[White "Recanatini, Italo"]
[Black "Ossoli, Giuseppe"]
[Result "1-0"]
[WhiteElo "1918"]
[BlackElo "1452"]
[PlyCount "45"]
[EventDate "2011.12.27"]
[EventType "swiss"]
[EventRounds "6"]
[EventCountry "ITA"]
[SourceTitle "EXT 2024"]
[Source "ChessBase"]
[SourceDate "2023.10.10"]
[SourceVersion "1"]
[SourceVersionDate "2023.10.10"]
[SourceQuality "1"]

1. e4 e6 2. d4 d5 3. exd5 exd5 4. Bd3 Nf6 5. Bg5 Be7 6. Nf3 Be6 7. Nbd2 Nbd7 8. c3 c6 9. Qc2 g6 10. h3 a6 11. Qb3 b5 12. Bh6 Bf8 13. Bxf8 Nxf8 14. Qc2 h6 15. Nb3 N8d7 16. 0-0 0-0 17. Rfe1 Kg7 18. Bxg6 fxg6 19. Rxe6 Rc8 20. Ne5 Ne4 21. f3 Nxe5 22. fxe4 Qg5 23. Rxe5 1-0